| 000 | 01245nam a22003495i 4500 | ||
|---|---|---|---|
| 003 | EG-ScBUE | ||
| 005 | 20260318101416.0 | ||
| 008 | 151101t2016 enka f bd 001 0 eng d | ||
| 020 | _a9781292099149 | ||
| 020 | _a1292099143 | ||
| 040 |
_aEG-ScBUE _beng _erda _cEG-ScBUE _dEG-ScBUE |
||
| 082 | 0 | 4 |
_a579 _bTOR _222 |
| 100 | 1 |
_aTortora, Gerard J., _931081 _eauthor. |
|
| 245 | 1 | 0 |
_aMicrobiology : _ban introduction / _cGerard J. Tortora, Bergen Community College, Berdell R. Funke, North Dakota State University, Christine L. Case, Skyline College. |
| 250 | _aTwelfth edition. | ||
| 250 | _aGlobal edition. | ||
| 264 | 1 |
_aHarlow : _bPearson Education Limited, _c[2016] |
|
| 264 | 4 | _cc2016 | |
| 300 |
_a955 pages : _billustrations ; _c28 cm |
||
| 336 |
_2rdacontent _atext _btxt |
||
| 337 |
_aunmediated _2rdamedia _bn |
||
| 338 |
_avolume _bnc _2rdacarrier |
||
| 500 | _aIncludes glossary. | ||
| 500 | _aIncludes Appendices. | ||
| 504 | _aIncludes bibliographical references and index. | ||
| 650 | 7 |
_aMicrobiology _vTextbooks. _2BUEsh |
|
| 653 |
_bPPhrm _cNovember2015 |
||
| 655 |
_vReading book _934232 |
||
| 700 | 1 |
_aFunke, Berdell R., _931083 _eauthor. |
|
| 700 | 1 |
_aCase, Christine L., _931084 _d1948- _eauthor. |
|
| 942 |
_2ddc _cBB |
||
| 999 |
_c21002 _d20974 |
||